Biggest Rivers by Discharge - Statistics

General Stats
  • This quiz has been taken 27 times
  • The average score is 5 of 10
Answer Stats
Position and Continent River % Correct
1. South America Amazon
100%
6. East Asia Yangtze
92%
3. South Asia (confluence) Ganges-Brahmaputra-Meghna
81%
2. Afica Congo
77%
8. South America Rio de la Plata
58%
4. South America Orinoco
54%
10. Southern Asia Brahmaputra
31%
9. Northern Asia Yenisei
27%
5. South America Madeira
12%
7. South America Negro
12%
No matching quizzes found
Score Distribution
Percent of People with Each Score
Percentile by Number Answered
Your Score History
You have not taken this quiz